| 000 | 00373nam a2200145 4500 | ||
|---|---|---|---|
| 001 | 329 | ||
| 005 | 20230411085954.0 | ||
| 008 | 060907n1996 dr spa | ||
| 035 | _9funglode330 | ||
| 041 | _aES | ||
| 245 | 0 | _aDerecho de la inversión extranjera | |
| 260 |
_aSanto Domingo : _bPellerano & Herrera, _c1996? |
||
| 300 | _ap.v. / 28 cm | ||
| 942 |
_2lcc _cbk |
||
| 999 |
_c110271 _d110271 |
||